<?xml version="1.0" encoding="UTF-8"?>
<record
    xmlns:xsi="http://www.w3.org/2001/XMLSchema-instance"
    xsi:schemaLocation="http://www.loc.gov/MARC21/slim http://www.loc.gov/standards/marcxml/schema/MARC21slim.xsd"
    xmlns="http://www.loc.gov/MARC21/slim">

  <leader>00721nam a2200157Ia 4500</leader>
  <controlfield tag="003">LK-CoDNM</controlfield>
  <controlfield tag="008">010623t2003    xxu||||| |||| 00| 1 sin d</controlfield>
  <datafield tag="040" ind1=" " ind2=" ">
    <subfield code="a">LK-CoDNM</subfield>
    <subfield code="d">LK-CoDNM</subfield>
    <subfield code="e">LK-CoDNM</subfield>
  </datafield>
  <datafield tag="041" ind1=" " ind2=" ">
    <subfield code="a">sin</subfield>
  </datafield>
  <datafield tag="080" ind1=" " ind2=" ">
    <subfield code="a">396</subfield>
    <subfield code="b">SRI</subfield>
  </datafield>
  <datafield tag="245" ind1=" " ind2=" ">
    <subfield code="a">&#xDC1;&#xDCA;&#x200D;&#xDBB;&#xDD3; &#xDBD;&#xD82;&#xD9A;&#xDCF;&#xDC0;&#xDDA; &#xD87;&#xD9F;&#xDC5;&#xDD4;&#xDB8;&#xDCA; &#xDC4;&#xDCF; &#xD92; &#xD86;&#xDC1;&#xDCA;&#x200D;&#xDBB;&#xDD2;&#xDAD; &#xDB7;&#xDCF;&#xDAB;&#xDCA;&#xDA9; &#xD85;&#xDB4;&#xDB1;&#xDBA;&#xDB1;&#xDBA; &#xDC3;&#xDB3;&#xDC4;&#xDCF; &#xDB1;&#xDD2;&#xDC2;&#xDCA;&#xDB4;&#xDCF;&#xDAF;&#xDB1;&#xDBA; &#xD9A;&#xDBB;&#xDB1;,&#xD85;&#xDC0;&#xDD2;&#xDB0;&#xDD2;&#xDB8;&#xDAD;&#xDCA; &#xD85;&#xD82;&#xDC1;&#xDBA;&#xDDA; &#xDC3;&#xDDA;&#xDC0;&#xDBA;&#xDD9;&#xDC4;&#xDD2; &#xDB1;&#xDD2;&#xDBB;&#xDAD; &#xD9A;&#xDCF;&#xDB1;&#xDCA;&#xDAD;&#xDCF;&#xDC0;&#xDB1;&#xDCA;</subfield>
  </datafield>
  <datafield tag="246" ind1=" " ind2=" ">
    <subfield code="a">Sri Lankawe Agalum ha Ea Asritha Bhanda Apanayanaya Sadaha Nispadanaya Karana,Avidimath Ansaye Sewahehi Niratha Kanthawan</subfield>
  </datafield>
  <datafield tag="260" ind1=" " ind2=" ">
    <subfield code="b"></subfield>
    <subfield code="c">2003</subfield>
  </datafield>
  <datafield tag="300" ind1=" " ind2=" ">
    <subfield code="b">53p, 30 cm</subfield>
  </datafield>
  <datafield tag="942" ind1=" " ind2=" ">
    <subfield code="c">BK</subfield>
  </datafield>
  <datafield tag="952" ind1=" " ind2=" ">
    <subfield code="0">0</subfield>
    <subfield code="1">0</subfield>
    <subfield code="4">0</subfield>
    <subfield code="7">0</subfield>
    <subfield code="8">MONO</subfield>
    <subfield code="a">MAIN</subfield>
    <subfield code="b">MAIN</subfield>
    <subfield code="d">2023-08-02</subfield>
    <subfield code="l">0</subfield>
    <subfield code="o">396 SRI</subfield>
    <subfield code="p">P30400</subfield>
    <subfield code="r">2023-08-02</subfield>
    <subfield code="w">2023-08-02</subfield>
    <subfield code="y">BK</subfield>
  </datafield>
  <datafield tag="999" ind1=" " ind2=" ">
    <subfield code="c">123215</subfield>
    <subfield code="d">123215</subfield>
  </datafield>
</record>
